| 000 | 00489cam a2200193ua 4500 | ||
|---|---|---|---|
| 020 | _c76.00 | ||
| 041 |
_aeng _h |
||
| 082 |
_a020.92 _bHAR/BA |
||
| 100 | _aHarrison, Colin . | ||
| 245 |
_aBasics of librarianship / _cColin Harrison. _hTextual Documents |
||
| 250 |
_a1 / _b. |
||
| 260 |
_aNew Delhi : _bOxford & IBH Publishing company , _c1981. |
||
| 300 | _a211 ; . | ||
| 365 | _a76.00 | ||
| 504 | _a | ||
| 700 | 1 | _aOates, Rosemary . | |
| 942 | _cBK | ||
| 999 |
_c5745 _d5745 |
||